[Event "Kupreichik Memorial Rapid 2019"]
[Site "Minsk"]
[Date "2019.08.15"]
[Round "1.22"]
[White "Nikolaev, Dmitry"]
[Black "Kochetkov, Vitali"]
[Result "1-0"]
[WhiteElo "1677"]
[BlackElo "2266"]
[Annotator "NA"]
[PlyCount "75"]
[EventDate "2019.08.15"]
[EventType "swiss"]
[EventCountry "BLR"]
[SourceTitle "playchess.com"]
[Source "ChessBase"]
[SourceQuality "1"]
[TimeControl "900+10"]

1. Nf3 {[%emt 0:00:00]} Nf6 {[%emt 0:00:00]} 2. g3 {[%emt 0:00:03]} b5 {[%emt 0:00:34]} 3. Bg2 {[%emt 0:00:23]} Bb7 {[%emt 0:00:02]} 4. O-O {[%emt 0:00:09]} e6 {[%emt 0:00:07]} 5. b3 {[%emt 0:01:01]} Be7 {[%emt 0:00:10]} 6. d3 {[%emt 0:00:35]} d5 {[%emt 0:00:54]} 7. c4 {[%emt 0:02:36]} dxc4 {[%emt 0:01:33]} 8. bxc4 {[%emt 0:00:06]} bxc4 {[%emt 0:00:11]} 9. Qa4+ {[%emt 0:00:12]} Nbd7 {[%emt 0:00:36]} 10. Qxc4 {[%emt 0:00:02]} O-O {[%emt 0:00:23]} 11. Ba3 {[%emt 0:00:45]} Nb6 {[%emt 0:01:05]} 12. Qc2 {[%emt 0:02:21]} Rc8 {[%emt 0:00:37]} 13. Bxe7 {[%emt 0:00:19]} Qxe7 {[%emt 0:00:01]} 14. Nbd2 {[%emt 0:00:01]} Bd5 {[%emt 0:00:24]} 15. a4 {[%emt 0:00:24]} a5 {[%emt 0:00:35]} 16. Rfb1 {[%emt 0:01:50]} e5 {[%emt 0:00:58]} 17. e4 {[%emt 0:00:29]} Ba8 {[%emt 0:00:36]} 18. Rb5 {[%emt 0:00:02]} Nfd7 {[%emt 0:00:22]} 19. Nc4 {[%emt 0:00:59]} Nxc4 20. Qxc4 {[%emt 0:00:01]} c5 {[%emt 0:01:55]} 21. Rxa5 {[%emt 0:00:50]} Nb6 {[%emt 0:00:18]} 22. Qb5 {[%emt 0:01:37]} Qc7 {[%emt 0:00:38]} 23. Bh3 {[%emt 0:00:08]} Rcd8 {[%emt 0:01:09]} 24. Qxc5 {[%emt 0:00:44]} Qxc5 {[%emt 0:00:14]} 25. Rxc5 {[%emt 0:00:02]} Rxd3 {[%emt 0:00:18]} 26. Nxe5 {[%emt 0:00:16]} Rd4 {[%emt 0:01:22]} 27. a5 {[%emt 0:00:10]} Na4 {[%emt 0:00:26]} 28. Rc4 {[%emt 0:00:36]} Rxc4 {[%emt 0:00:21]} 29. Nxc4 {[%emt 0:00:01]} Nc3 {[%emt 0:00:06]} 30. f3 {[%emt 0:00:05]} g5 {[%emt 0:00:14]} 31. Kf2 {[%emt 0:00:25]} Rd8 {[%emt 0:00:29]} 32. Ke3 {[%emt 0:00:26]} Nd1+ {[%emt 0:00:18]} 33. Ke2 {[%emt 0:00:12]} Nc3+ {[%emt 0:00:02]} 34. Kf2 {[%emt 0:00:23]} h5 {[%emt 0:00:21]} 35. Bf1 {[%emt 0:00:34]} g4 {[%emt 0:00:31]} 36. Nb6 {[%emt 0:00:25]} gxf3 {[%emt 0:01:16]} 37. Nxa8 {[%emt 0:00:07]} Nxe4+ {[%emt 0:01:17]} 38. Ke3 {[%emt 0:00:16]} 1-0

[Event "Kupreichik Memorial Rapid 2019"]
[Site "Minsk"]
[Date "2019.08.15"]
[Round "1.23"]
[White "Barskij, Vladimir"]
[Black "Karlov, Egor"]
[Result "1-0"]
[WhiteElo "2389"]
[BlackElo "1728"]
[Annotator "TA"]
[PlyCount "47"]
[EventDate "2019.08.15"]
[EventType "swiss"]
[EventCountry "BLR"]
[SourceTitle "playchess.com"]
[Source "ChessBase"]
[SourceQuality "1"]

{[%evp 12,47,21,9,33,12,31,14,69,76,78,55,52,62,105,103,168,67,130,106,186,181,205,204,200,193,242,239,246,218,219,214,268,275,561,568,1347,1342]} 1. e4 e6 2. d4 d5 3. exd5 exd5 4. Nf3 Bd6 5. c4 c6 6. Nc3 Nf6 7. Bg5 Be6 {C01: French: Exchange Variation} (7... O-O 8. cxd5 h6 9. Bh4 Qb6 10. Qd2 Nxd5 11. Bg3 Bxg3 12. hxg3 Bg4 13. Bd3 Re8+ 14. Kf1 Nd7 15. Nxd5 cxd5 {1-0 (55) Kramnik,V (2765)-Polgar,J (2665) Novgorod 1996}) 8. cxd5 cxd5 9. Qb3 Qe7 (9... O-O $11) 10. Bxf6 $146 ({Predecessor:} 10. Bb5+ Kf8 11. O-O Qd8 12. Ne5 Be7 13. Be2 Nc6 14. Rad1 Na5 15. Qa4 {1-0 (38) Ancuta,A (1867)-Polarczyk,P (1778) Chotowa 2009}) 10... gxf6 11. Bb5+ Nc6 12. O-O $36 {[%mdl 2048] White has some pressure.} O-O-O 13. Rfe1 a6 (13... Na5 $16 14. Qa4 (14. Nxd5 Bxd5 15. Rac1+ Kb8 $17) 14... Bb4) 14. Bf1 (14. Bxc6 $1 $18 bxc6 15. Qc2) 14... Qd7 ({Black should play} 14... Bc7 $14) 15. Na4 {[#] And now Nb6+ would win.} Qc7 (15... Kb8 $16) 16. Rac1 $18 Rhg8 17. Nc5 Bxc5 18. Rxc5 Rg7 19. Rec1 {Threatens to win with Bxa6!} Rd6 20. Qc3 Kd7 21. Ne5+ fxe5 22. dxe5 h6 $2 (22... d4 23. exd6 dxc3 24. dxc7 cxb2) 23. exd6 {[%mdl 64] [#] Discovered Attack} Qxd6 24. Qxg7 {Accuracy: White = 67%, Black = 22%.} 1-0

[Event "Kupreichik Memorial Rapid 2019"]
[Site "Minsk"]
[Date "2019.08.15"]
[Round "1.24"]
[White "Kozlov, Valentin"]
[Black "Agapov, Sergey"]
[Result "0-1"]
[WhiteElo "1871"]
[BlackElo "2265"]
[Annotator "NA"]
[PlyCount "46"]
[EventDate "2019.08.15"]
[EventType "swiss"]
[EventCountry "BLR"]
[SourceTitle "playchess.com"]
[Source "ChessBase"]
[SourceQuality "1"]
[TimeControl "900+10"]

1. e4 {[%emt 0:00:00]} d5 {[%emt 0:00:00]} 2. exd5 {[%emt 0:00:00]} Qxd5 {[%emt 0:00:00]} 3. Nc3 {[%emt 0:00:00]} Qd6 {[%emt 0:00:00]} 4. d4 {[%emt 0:00:00]} Nf6 {[%emt 0:00:00]} 5. Nf3 {[%emt 0:00:03]} a6 {[%emt 0:00:00]} 6. Bd3 {[%emt 0:00:17]} Nc6 {[%emt 0:00:23]} 7. Be3 {[%emt 0:00:18]} Bg4 {[%emt 0:00:09]} 8. h3 {[%emt 0:00:49]} Bh5 {[%emt 0:00:03]} 9. g4 {[%emt 0:00:19]} Bg6 {[%emt 0:00:02]} 10. Bxg6 {[%emt 0:00:05]} hxg6 {[%emt 0:00:02]} 11. Qe2 {[%emt 0:00:38]} Nxg4 {[%emt 0:00:45]} 12. O-O-O {[%emt 0:00:26]} Nf6 {[%emt 0:00:19]} 13. Qd2 {[%emt 0:01:01]} Nd5 {[%emt 0:00:16]} 14. Ng5 {[%emt 0:00:51]} e6 {[%emt 0:01:24]} 15. Nge4 {[%emt 0:00:25]} Qd7 {[%emt 0:00:39]} 16. Nc5 {[%emt 0:00:35]} Bxc5 {[%emt 0:00:05]} 17. dxc5 {[%emt 0:00:02]} O-O-O {[%emt 0:00:04]} 18. Ne4 {[%emt 0:03:07]} Qe7 {[%emt 0:00:37]} 19. Ng5 {[%emt 0:00:38]} Nf4 {[%emt 0:01:10]} 20. Bxf4 {[%emt 0:01:07]} Rxd2 {[%emt 0:00:02]} 21. Rxd2 {[%emt 0:00:08]} Qxc5 {[%emt 0:01:04]} 22. Nxf7 {[%emt 0:00:40]} Rf8 {[%emt 0:00:18]} 23. Be3 {[%emt 0:00:02]} Qa5 {[%emt 0:00:02]} 0-1

[Event "Kupreichik Memorial Rapid 2019"]
[Site "Minsk"]
[Date "2019.08.15"]
[Round "1.25"]
[White "Maryasin, Boris"]
[Black "Drobyshevsky, Vasily"]
[Result "1-0"]
[WhiteElo "2302"]
[BlackElo "1441"]
[Annotator "TA"]
[PlyCount "113"]
[EventDate "2019.08.15"]
[EventType "swiss"]
[EventCountry "BLR"]
[SourceTitle "playchess.com"]
[Source "ChessBase"]
[SourceQuality "1"]

{[%evp 9,113,78,83,72,72,70,60,51,47,53,43,47,56,47,48,58,44,49,49,1,119,54,172,109,193,93,82,60,114,110,134,65,100,54,147,111,114,135,131,140,148,138,138,138,138,128,168,156,153,166,258,264,264,225,355,354,311,299,403,365,733,659,672,647,5219,2197,8489,6404,29978,29979,29978,29980,29983,29984,29984,29985,29989,29990,29990,29991,29991,29991,29991,29987,29987,29988,29988,29989,29989,29989,29989,29990,29990,29991,29991,29992,29992,29993,29993,29994,29994,29995,29995,29996,29997,29998]} 1. e4 d5 2. exd5 Qxd5 3. Nc3 Qe5+ 4. Be2 Bg4 (4... c6 5. d4 Qc7 6. Nf3 Nf6 7. Bg5 Bg4 8. Ne5 Bxe2 9. Qxe2 e6 10. O-O Nbd7 11. Nxd7 {½-½ (11) Georgiev,V (2559)-Rusev,K (2528) Bergamo 2011}) 5. d4 Bxe2 6. Ngxe2 {B01: Scandinavian Defence} Qa5 7. O-O Nf6 8. d5 $146 {White is slightly better.} ({Predecessor:} 8. Bd2 c6 9. Ng3 e6 10. Nce4 Qd8 11. Bg5 Be7 12. c3 {0-1 (35) Gavrjuchenkova,A (1924)-Drobyshevsky,V (1441) Minsk 2018}) 8... c6 {[%cal Rc6d5]} 9. b4 Qd8 {[%cal Rc6d5]} 10. Nf4 cxd5 11. Nfxd5 Nxd5 12. Nxd5 {[#] And now Bf4 would win.} e6 13. Re1 Be7 14. Nxe7 {Strongly threatening Qh5.} Qxe7 (14... Qxd1 $1 $11 15. Rxd1 Kxe7) 15. Qg4 (15. Bf4 $16) 15... O-O ({Black should try} 15... Qf6 $1 $14 16. Ba3 (16. Bg5 Qg6 $14) 16... Nc6) 16. Bb2 (16. Bg5 $18 Qc7 17. Bf6) 16... f5 {[#]} (16... g6 $16) 17. Qc4 (17. Rxe6 $1 $18 {[%mdl 512]} fxg4 (17... Qxe6 18. Qxg7#) 18. Rxe7) 17... Re8 $16 18. Re3 {Threatens to win with Rae1.} Na6 (18... Nd7 $14) 19. a3 Rac8 20. Qd4 (20. Qf4 $16) 20... Qf7 21. Rae1 Nc7 (21... Rxc2 $14 22. Rg3 Re7) 22. Rg3 {[%cal Rg3g7]} e5 23. Rxe5 Rxe5 24. Qxe5 $40 {[%cal Rg3g7][%mdl 128] White wants a kill.} Ne8 25. Rc3 Rxc3 26. Bxc3 Qd7 27. h3 Qd1+ 28. Kh2 {[%cal Re5e8]} Qd6 29. a4 Qxe5+ (29... Kf7 {was worth a try.} 30. Kg3 Qg6+ 31. Kf4 Qxg2 32. Qxf5+ {[%mdl 64] Double Attack} Nf6) 30. Bxe5 $18 {[%mdl 4096] Endgame KB-KN} Kf7 31. Kg3 g6 (31... Ke6 $142) 32. f4 Ke6 33. c4 a6 34. Kf3 h6 $2 (34... g5 35. b5 h6 36. bxa6 bxa6) 35. Ke3 g5 36. g3 gxf4+ 37. gxf4 h5 38. Kd4 Nd6 39. Bxd6 {White mates.} Kxd6 {KP-KP} 40. c5+ Ke6 41. b5 axb5 42. axb5 h4 43. b6 Kd7 44. Kd5 Kc8 45. Ke6 Kd8 46. Kxf5 Kd7 47. Ke5 Kc6 48. Kd4 Kd7 49. Kd5 Ke7 50. c6 bxc6+ 51. Kxc6 Kf6 52. b7 Kf5 53. b8=Q Ke4 54. Qe5+ Kf3 55. Kd5 Kg3 56. Ke4 Kxh3 57. Kf3 {Accuracy: White = 70%, Black = 36%.} 1-0

[Event "Kupreichik Memorial Rapid 2019"]
[Site "Minsk"]
[Date "2019.08.15"]
[Round "1.26"]
[White "Pogorelov, Aleksey"]
[Black "Kochetkov, German"]
[Result "0-1"]
[WhiteElo "1548"]
[BlackElo "2277"]
[Annotator "NA"]
[PlyCount "76"]
[EventDate "2019.08.15"]
[EventType "swiss"]
[EventCountry "BLR"]
[SourceTitle "playchess.com"]
[Source "ChessBase"]
[SourceQuality "1"]
[TimeControl "900+10"]

1. d4 {[%emt 0:00:00]} f5 {[%emt 0:00:00]} 2. Bf4 {[%emt 0:00:00]} Nf6 {[%emt 0:00:00]} 3. Nf3 {[%emt 0:00:02]} g6 {[%emt 0:00:00]} 4. e3 {[%emt 0:00:21]} Bg7 {[%emt 0:00:00]} 5. Nbd2 {[%emt 0:00:24]} O-O {[%emt 0:00:00]} 6. Be2 {[%emt 0:00:51]} d6 {[%emt 0:00:10]} 7. O-O {[%emt 0:00:31]} Nc6 {[%emt 0:00:05]} 8. c3 {[%emt 0:00:33]} Qe8 {[%emt 0:00:49]} 9. Bb5 {[%emt 0:02:19]} Bd7 {[%emt 0:01:30]} 10. Bxc6 {[%emt 0:01:25]} Bxc6 {[%emt 0:00:03]} 11. Re1 {[%emt 0:00:28]} Nh5 {[%emt 0:02:53]} 12. Qb3+ {[%emt 0:01:20]} e6 {[%emt 0:00:38]} 13. Bg3 {[%emt 0:00:46]} h6 {[%emt 0:01:37]} 14. h3 {[%emt 0:01:07]} g5 {[%emt 0:00:40]} 15. e4 f4 16. Bh2 {[%emt 0:01:56]} Qf7 {[%emt 0:01:59]} 17. c4 {[%emt 0:00:48]} b6 {[%emt 0:00:30]} 18. Rac1 {[%emt 0:01:16]} e5 {[%emt 0:00:15]} 19. d5 {[%emt 0:00:12]} Bd7 {[%emt 0:00:03]} 20. a3 {[%emt 0:00:53]} Bf6 {[%emt 0:00:03]} 21. Rc3 {[%emt 0:01:17]} Ng7 {[%emt 0:00:04]} 22. Nf1 {[%emt 0:01:01]} a5 {[%emt 0:00:02]} 23. Qc2 {[%emt 0:00:11]} a4 {[%emt 0:00:01]} 24. b3 {[%emt 0:00:24]} axb3 {[%emt 0:00:02]} 25. Qxb3 {[%emt 0:00:03]} h5 {[%emt 0:00:01]} 26. Qb2 {[%emt 0:00:11]} g4 {[%emt 0:00:13]} 27. hxg4 {[%emt 0:00:05]} hxg4 {[%emt 0:00:01]} 28. N3d2 {[%emt 0:00:07]} Qg6 {[%emt 0:01:00]} 29. Qc1 {[%emt 0:00:38]} Rf7 {[%emt 0:00:12]} 30. Qd1 {[%emt 0:00:20]} Bg5 {[%emt 0:00:16]} 31. Nb1 {[%emt 0:00:22]} Nh5 {[%emt 0:00:10]} 32. g3 {[%emt 0:00:12]} f3 {[%emt 0:00:05]} 33. Ne3 {[%emt 0:00:09]} Qxe4 {[%emt 0:00:10]} 34. Nc2 {[%emt 0:00:14]} Qg6 {[%emt 0:00:12]} 35. Qd3 {[%emt 0:00:09]} Bf5 {[%emt 0:00:07]} 36. Qd1 {[%emt 0:00:01]} Rh7 {[%emt 0:00:07]} 37. Rb3 {[%emt 0:00:17]} Nf6 {[%emt 0:00:02]} 38. Ne3 {[%emt 0:00:04]} Qh6 {[%emt 0:00:17]} 0-1

[Event "Kupreichik Memorial Rapid 2019"]
[Site "Minsk"]
[Date "2019.08.15"]
[Round "1.27"]
[White "Smirnov, Valerij"]
[Black "Strizhnev, Ivan"]
[Result "1-0"]
[WhiteElo "2261"]
[BlackElo "1394"]
[Annotator "NA"]
[PlyCount "34"]
[EventDate "2019.08.15"]
[EventType "swiss"]
[EventCountry "BLR"]
[SourceTitle "playchess.com"]
[Source "ChessBase"]
[SourceQuality "1"]
[TimeControl "900+10"]

1. d4 {[%emt 0:00:00]} Nf6 {[%emt 0:00:00]} 2. c4 {[%emt 0:00:00]} g6 {[%emt 0:00:00]} 3. Nc3 {[%emt 0:00:00]} Bg7 {[%emt 0:00:01]} 4. Bg5 {[%emt 0:00:04]} O-O {[%emt 0:00:07]} 5. Qd2 {[%emt 0:00:02]} Re8 {[%emt 0:00:42]} 6. Nf3 {[%emt 0:00:04]} d6 {[%emt 0:00:16]} 7. e4 {[%emt 0:00:04]} c5 {[%emt 0:00:52]} 8. Be2 {[%emt 0:00:52]} cxd4 {[%emt 0:00:18]} 9. Nxd4 {[%emt 0:00:03]} Nc6 {[%emt 0:00:07]} 10. Nc2 {[%emt 0:00:38]} a6 {[%emt 0:01:44]} 11. O-O {[%emt 0:00:08]} Qc7 {[%emt 0:00:57]} 12. Rac1 {[%emt 0:00:11]} e6 {[%emt 0:03:48]} 13. Rfd1 {[%emt 0:00:09]} Rd8 {[%emt 0:00:17]} 14. Qf4 {[%emt 0:00:27]} e5 {[%emt 0:01:15]} 15. Qh4 {[%emt 0:00:07]} Ne8 {[%emt 0:03:31]} 16. Nd5 {[%emt 0:00:06]} Qd7 {[%emt 0:00:27]} 17. Nb6 {[%emt 0:00:10]} Bf8 1-0

[Event "Kupreichik Memorial Rapid 2019"]
[Site "Minsk"]
[Date "2019.08.15"]
[Round "1.28"]
[White "Shaban, Aliaksandra"]
[Black "Kuleshov, Konstantin"]
[Result "1/2-1/2"]
[WhiteElo "1734"]
[BlackElo "2076"]
[Annotator "NA"]
[PlyCount "47"]
[EventDate "2019.08.15"]
[EventType "swiss"]
[EventCountry "BLR"]
[SourceTitle "playchess.com"]
[Source "ChessBase"]
[SourceQuality "1"]
[TimeControl "900+10"]

1. d4 {[%emt 0:00:00]} Nf6 {[%emt 0:00:00]} 2. c4 {[%emt 0:00:00]} g6 {[%emt 0:00:00]} 3. Nc3 {[%emt 0:00:00]} d5 {[%emt 0:00:00]} 4. cxd5 {[%emt 0:00:00]} Nxd5 {[%emt 0:00:00]} 5. e4 {[%emt 0:00:00]} Nxc3 {[%emt 0:00:00]} 6. bxc3 {[%emt 0:00:06]} Bg7 {[%emt 0:00:00]} 7. Nf3 {[%emt 0:00:06]} c5 {[%emt 0:00:01]} 8. Be3 {[%emt 0:00:27]} Nc6 {[%emt 0:00:03]} 9. Rc1 {[%emt 0:00:16]} cxd4 {[%emt 0:00:13]} 10. cxd4 {[%emt 0:00:15]} Qa5+ {[%emt 0:00:02]} 11. Qd2 {[%emt 0:00:06]} Qxd2+ {[%emt 0:00:04]} 12. Kxd2 {[%emt 0:00:14]} O-O {[%emt 0:00:46]} 13. Bb5 {[%emt 0:01:17]} Rd8 {[%emt 0:00:09]} 14. Bxc6 {[%emt 0:00:47]} bxc6 {[%emt 0:00:01]} 15. Rc5 {[%emt 0:01:35]} Rb8 {[%emt 0:00:26]} 16. Rhc1 {[%emt 0:00:32]} Rb2+ {[%emt 0:00:05]} 17. R1c2 {[%emt 0:00:13]} Rxc2+ {[%emt 0:00:05]} 18. Kxc2 {[%emt 0:00:09]} Be6 {[%emt 0:00:03]} 19. a3 {[%emt 0:00:45]} Bd7 {[%emt 0:00:39]} 20. Ne5 {[%emt 0:00:40]} Be8 {[%emt 0:00:49]} 21. Nxc6 {[%emt 0:00:49]} Bxc6 {[%emt 0:00:02]} 22. Rxc6 {[%emt 0:00:02]} Bxd4 {[%emt 0:00:03]} 23. Bxd4 {[%emt 0:00:44]} Rxd4 {[%emt 0:00:02]} 24. f3 {[%emt 0:00:12]} 1/2-1/2

[Event "Kupreichik Memorial Rapid 2019"]
[Site "Minsk"]
[Date "2019.08.15"]
[Round "1.29"]
[White "Tsaruk, Maksim"]
[Black "Yasiukovich, Sergei"]
[Result "1-0"]
[WhiteElo "2230"]
[BlackElo "1529"]
[Annotator "NA"]
[PlyCount "73"]
[EventDate "2019.08.15"]
[EventType "swiss"]
[EventCountry "BLR"]
[SourceTitle "playchess.com"]
[Source "ChessBase"]
[SourceQuality "1"]
[TimeControl "900+10"]

1. e4 {[%emt 0:00:00]} c6 {[%emt 0:00:00]} 2. d4 {[%emt 0:00:00]} d5 {[%emt 0:00:00]} 3. Nd2 {[%emt 0:00:00]} h6 {[%emt 0:00:00]} 4. Ngf3 {[%emt 0:00:37]} Bg4 {[%emt 0:00:09]} 5. Be2 {[%emt 0:02:05]} e6 {[%emt 0:00:01]} 6. O-O {[%emt 0:00:23]} Nd7 {[%emt 0:01:05]} 7. h3 {[%emt 0:00:44]} Bh5 {[%emt 0:00:32]} 8. e5 {[%emt 0:02:11]} Ne7 {[%emt 0:01:03]} 9. b3 {[%emt 0:00:37]} Nc8 {[%emt 0:00:10]} 10. c4 {[%emt 0:00:05]} Be7 {[%emt 0:00:27]} 11. Ne1 {[%emt 0:00:39]} Bxe2 {[%emt 0:00:26]} 12. Qxe2 {[%emt 0:00:01]} O-O {[%emt 0:02:26]} 13. Qg4 {[%emt 0:00:07]} Re8 {[%emt 0:03:08]} 14. Ndf3 {[%emt 0:00:32]} Kh7 {[%emt 0:00:26]} 15. Nd3 {[%emt 0:00:39]} dxc4 {[%emt 0:01:23]} 16. bxc4 {[%emt 0:00:09]} Ncb6 {[%emt 0:00:08]} 17. Nd2 {[%emt 0:05:11]} f5 {[%emt 0:01:14]} 18. Qg3 {[%emt 0:01:13]} Nf8 {[%emt 0:01:00]} 19. c5 {[%emt 0:00:17]} Nd5 {[%emt 0:00:53]} 20. Nc4 {[%emt 0:00:02]} Ng6 {[%emt 0:00:22]} 21. Nd6 {[%emt 0:00:39]} Bxd6 {[%emt 0:00:01]} 22. exd6 {[%emt 0:00:25]} Nc3 {[%emt 0:01:44]} 23. Re1 {[%emt 0:00:42]} Ne4 {[%emt 0:00:06]} 24. Qe3 {[%emt 0:00:30]} e5 {[%emt 0:00:35]} 25. Bb2 {[%emt 0:00:07]} exd4 {[%emt 0:00:46]} 26. Qxd4 {[%emt 0:00:02]} Qd7 {[%emt 0:00:35]} 27. Re3 {[%emt 0:01:02]} Re6 {[%emt 0:00:14]} 28. f3 {[%emt 0:00:16]} Ng5 {[%emt 0:00:01]} 29. Rae1 {[%emt 0:00:02]} Rae8 {[%emt 0:00:02]} 30. h4 {[%emt 0:00:19]} Rxe3 {[%emt 0:00:03]} 31. Rxe3 {[%emt 0:00:02]} Ne6 {[%emt 0:00:02]} 32. Qa4 {[%emt 0:00:14]} a6 {[%emt 0:00:08]} 33. h5 {[%emt 0:00:03]} Nxc5 {[%emt 0:00:27]} 34. hxg6+ {[%emt 0:00:05]} Kxg6 {[%emt 0:00:02]} 35. Nxc5 {[%emt 0:00:01]} Qxd6 {[%emt 0:00:05]} 36. Rxe8 {[%emt 0:00:07]} Qxc5+ {[%emt 0:00:01]} 37. Qd4 {[%emt 0:00:02]} 1-0

[Event "Kupreichik Memorial Rapid 2019"]
[Site "Minsk"]
[Date "2019.08.15"]
[Round "1.31"]
[White "Leinov, Roman"]
[Black "Patokova, Viktoriya"]
[Result "1-0"]
[WhiteElo "2189"]
[BlackElo "1503"]
[Annotator "NA"]
[PlyCount "63"]
[EventDate "2019.08.15"]
[EventType "swiss"]
[EventCountry "BLR"]
[SourceTitle "playchess.com"]
[Source "ChessBase"]
[SourceQuality "1"]
[TimeControl "900+10"]

1. Nf3 {[%emt 0:00:00]} d5 {[%emt 0:00:00]} 2. g3 {[%emt 0:00:00]} c5 {[%emt 0:00:00]} 3. Bg2 {[%emt 0:00:01]} Nc6 {[%emt 0:00:02]} 4. d4 {[%emt 0:00:02]} e6 {[%emt 0:00:05]} 5. O-O {[%emt 0:00:03]} Nf6 {[%emt 0:00:03]} 6. c4 {[%emt 0:00:03]} cxd4 {[%emt 0:00:25]} 7. Nxd4 {[%emt 0:00:03]} Bc5 {[%emt 0:00:18]} 8. Nb3 {[%emt 0:00:12]} Bb6 {[%emt 0:00:12]} 9. cxd5 {[%emt 0:00:15]} Nxd5 {[%emt 0:00:08]} 10. Nc3 {[%emt 0:00:25]} Ncb4 {[%emt 0:00:44]} 11. Nxd5 {[%emt 0:02:48]} Nxd5 {[%emt 0:00:07]} 12. e4 {[%emt 0:00:32]} Nf6 {[%emt 0:00:14]} 13. Qe2 {[%emt 0:04:28]} e5 {[%emt 0:00:54]} 14. Qb5+ {[%emt 0:00:50]} Nd7 {[%emt 0:04:31]} 15. Bd2 {[%emt 0:01:44]} O-O {[%emt 0:00:37]} 16. Bb4 {[%emt 0:00:40]} Re8 {[%emt 0:00:51]} 17. Rad1 {[%emt 0:00:31]} Qf6 {[%emt 0:02:06]} 18. Bh3 {[%emt 0:01:38]} Rd8 {[%emt 0:00:39]} 19. Bxd7 {[%emt 0:00:16]} Bxd7 {[%emt 0:00:54]} 20. Rxd7 {[%emt 0:00:07]} Rxd7 {[%emt 0:00:13]} 21. Qxd7 {[%emt 0:00:03]} Rd8 {[%emt 0:01:20]} 22. Qe7 {[%emt 0:00:04]} Qf3 {[%emt 0:00:59]} 23. Bc5 {[%emt 0:00:30]} Rc8 {[%emt 0:00:42]} 24. Bxb6 {[%emt 0:00:14]} axb6 {[%emt 0:00:02]} 25. Qxb7 {[%emt 0:00:10]} Re8 {[%emt 0:00:14]} 26. Qd7 {[%emt 0:00:25]} Ra8 {[%emt 0:00:11]} 27. Qd5 {[%emt 0:00:27]} Re8 {[%emt 0:00:16]} 28. Nd2 {[%emt 0:00:06]} Qe2 {[%emt 0:00:21]} 29. Nc4 {[%emt 0:00:05]} h6 {[%emt 0:00:15]} 30. Nxe5 {[%emt 0:00:13]} Rf8 {[%emt 0:00:19]} 31. b4 {[%emt 0:00:07]} b5 {[%emt 0:00:07]} 32. Rc1 {[%emt 0:00:49]} 1-0

[Event "Kupreichik Memorial Rapid 2019"]
[Site "Minsk"]
[Date "2019.08.15"]
[Round "1.33"]
[White "Kameko, Aleksandr"]
[Black "Ustiugov, Boris"]
[Result "1-0"]
[WhiteElo "2045"]
[BlackElo "1567"]
[Annotator "NA"]
[PlyCount "63"]
[EventDate "2019.08.15"]
[EventType "swiss"]
[EventCountry "BLR"]
[SourceTitle "playchess.com"]
[Source "ChessBase"]
[SourceQuality "1"]
[TimeControl "900+10"]

1. e4 {[%emt 0:00:00]} c5 {[%emt 0:00:00]} 2. Nf3 {[%emt 0:00:00]} d6 {[%emt 0:00:00]} 3. c4 {[%emt 0:00:00]} Nc6 {[%emt 0:00:12]} 4. d4 {[%emt 0:00:00]} cxd4 {[%emt 0:00:04]} 5. Nxd4 {[%emt 0:00:01]} Nf6 {[%emt 0:00:08]} 6. Nc3 {[%emt 0:00:02]} g6 {[%emt 0:00:32]} 7. Be2 {[%emt 0:00:02]} Bg7 {[%emt 0:00:01]} 8. Be3 {[%emt 0:00:02]} Bd7 {[%emt 0:00:51]} 9. O-O {[%emt 0:00:03]} O-O {[%emt 0:00:02]} 10. Rc1 {[%emt 0:00:04]} Rc8 {[%emt 0:00:01]} 11. f3 {[%emt 0:00:17]} a6 {[%emt 0:00:25]} 12. Qd2 {[%emt 0:00:03]} Re8 {[%emt 0:00:04]} 13. Rfd1 {[%emt 0:00:07]} Nh5 {[%emt 0:01:33]} 14. Nb3 {[%emt 0:01:06]} b6 {[%emt 0:01:12]} 15. Nd5 {[%emt 0:02:08]} Rb8 {[%emt 0:00:16]} 16. Bh6 {[%emt 0:01:40]} Nf6 {[%emt 0:00:28]} 17. Bxg7 {[%emt 0:00:10]} Kxg7 {[%emt 0:00:02]} 18. Nxf6 {[%emt 0:00:08]} exf6 {[%emt 0:02:53]} 19. Qxd6 {[%emt 0:00:06]} Re7 {[%emt 0:01:25]} 20. Nd4 {[%emt 0:03:24]} Rc8 {[%emt 0:01:26]} 21. Nxc6 {[%emt 0:00:08]} Rxc6 {[%emt 0:00:30]} 22. Qxc6 {[%emt 0:00:04]} Bxc6 {[%emt 0:00:02]} 23. Rxd8 {[%emt 0:00:02]} f5 {[%emt 0:01:21]} 24. Rd6 {[%emt 0:00:11]} Bb7 {[%emt 0:00:58]} 25. Bd3 {[%emt 0:00:04]} b5 {[%emt 0:00:27]} 26. c5 {[%emt 0:00:03]} fxe4 {[%emt 0:00:04]} 27. Bxe4 {[%emt 0:00:01]} Bc8 {[%emt 0:01:21]} 28. Rd8 {[%emt 0:00:10]} Rc7 {[%emt 0:00:04]} 29. c6 {[%emt 0:00:06]} h5 {[%emt 0:00:59]} 30. Rcd1 {[%emt 0:00:11]} Be6 {[%emt 0:00:20]} 31. h4 {[%emt 0:00:38]} Kf6 {[%emt 0:00:11]} 32. R8d7 {[%emt 0:00:34]} 1-0